00649cam a22002051 450000100100000000500170001000800410002701000130006803500190008104000300010004200120013005000150014210000350015724500190019226001050021130000170031644000620033350400340039565000140042900001484820200929163916.0750922m19489999sp b 000 0 spa  a50056464 a(OCoLC)1647994 aDO-SdBNPcGEUdOCoLCdDLC apremarc00aDP104b.C31 aCagigas, Isidro de las,d1891-14aLos mudejares. aMadrid, :bConsejo Superior de Investigaciones Cientificas, Instituto de Estudios Africanos,c1948-. av. ;c22 cm. 0aMinorias etnico-religiosas de la edad media espanola,v3- aBibliography: v. 1, p. 35-39. 0aMoriscos.